| 000 | 00354nam a2200133Ia 4500 | ||
|---|---|---|---|
| 008 | 240624s9999 xx 000 0 und d | ||
| 041 | _aeng | ||
| 082 | _a658.45 HOF | ||
| 100 | _aHOFFMAN MARY F | ||
| 245 | _aORGANIZATIONAL RHETORIC SITUATIONS AND S | ||
| 260 |
_c2010 _aLondon _bSage Publications |
||
| 300 | _axx, : 267 : p. : cm. ; 22 | ||
| 365 |
_c _b30 |
||
| 999 |
_c14903 _d14903 |
||